|
|
|
|
| LEADER |
00000nam a2200000 a 4500 |
| 001 |
vtls001479306 |
| 003 |
SK-MaSNL |
| 005 |
20260302073615.0 |
| 008 |
130607s2002 xo 0 und |
| 035 |
|
|
|a SNK000434604
|
| 040 |
|
|
|a SNK
|b slo
|c SNK
|e AACR2
|
| 044 |
|
|
|a xo
|c SK
|
| 245 |
1 |
|
|a STN EN 60974-7 Zariadenia na oblúkové zváranie
|n časť 7:
|p horáky a pištole
|
| 260 |
|
|
|a Bratislava
|b Slovenský ústav technickej normalizácie
|c 2002
|
| 500 |
|
|
|a táto norma nahrádza STN EN 50078 (05 2251) z apríla 1998 a STN EN 50192 (05 2230) z novembra 1998 v celom rozsahu
|
| 655 |
|
7 |
|a normy
|2 SNK
|9 70643
|
| 774 |
1 |
8 |
|t STN EN 60974-7/Z1: 2002
|d Bratislava : Slovenský ústav technickej normalizácie, 2006
|w vtls009861010
|
| 999 |
|
|
|c 1161590
|d 1163520
|
| 952 |
|
|
|t P60, <03>, [BOOK], {603}
|a SNK
|b SNK
|y PREZ
|7 0
|p 17A0437916
|o snkSTN EN 60974-7
|i snkN 3091/2004
|0 0
|1 0
|4 0
|d 2004-07-26
|l 0
|r 2005-01-02 00:00:00
|w 2026-02-24
|
| 952 |
|
|
|t P66, <07>, [BOOK], {667}
|a SNK
|b SNK
|y PREZ
|7 0
|p 17A0437917
|o snkSTN EN 60974-7 D1
|i snkN 3092/2004
|0 0
|1 0
|4 0
|d 2004-07-26
|l 0
|r 2005-01-02 00:00:00
|w 2026-02-24
|